000 00520nam a2200193Ia 4500
003 GCL
008 140319s9999 xx 000 0 eng d
040 _aGCL /
_cGCL
082 0 4 _aCC
_b916.2016
_bS C
100 1 _aRAVEREAU, ANDRE
245 1 0 _aLE CAIRE ESTHETIQUE ET TRADITION /
_cRAVEREAU, ANDRE
700 1 _aROCHE, MANUELL
260 _a[S.N] :
_bSINDBAD ،
_c1997
300 _a188 P
650 0 4 _aCAIRO, EGYPT
650 0 4 _aCAIRO - GUIDE BOOKS
650 0 4 _aCAIRO - DESCRIPTION AND TRAVEL
942 _2ddc
_cBK
999 _c16041
_d16041